| Tag |
First Indicator |
Second Indicator |
Subfields |
| LEADER |
00000cam a2200000 a 4500 |
| 001 |
in00000548228 |
| 005 |
20151014053238.0 |
| 008 |
771101c19431929nyu b 00110beng d |
| 035 |
|
|
|a (OCoLC)03386085
|
| 035 |
|
|
|9 ACK1886AM
|
| 040 |
|
|
|a CCP
|c CCP
|d m.c.
|d TXA
|d UtOrBLW
|
| 049 |
|
|
|a TXAM
|c [A08265782]
|
| 090 |
|
|
|a E312
|b .L78 1943
|
| 092 |
|
|
|a 973.41
|b WAS
|
| 100 |
1 |
|
|a Little, Shelby.
|
| 245 |
1 |
0 |
|a George Washington /
|c Shelby Little.
|
| 264 |
|
1 |
|a Garden City, N.Y. :
|b Halcyon House,
|c 1943
|
| 264 |
|
4 |
|c ©1929
|
| 300 |
|
|
|a ix, 481p. ;
|c 25 cm.
|
| 336 |
|
|
|a text
|b txt
|2 rdacontent
|
| 337 |
|
|
|a unmediated
|b n
|2 rdamedia
|
| 338 |
|
|
|a volume
|b nc
|2 rdacarrier
|
| 504 |
|
|
|a Includes bibliographical references and index.
|
| 600 |
1 |
0 |
|a Washington, George,
|d 1732-1799.
|
| 999 |
|
|
|a MARS
|
| 999 |
f |
f |
|s 5e0f5a5e-feb6-3ff9-8f2f-52b3c637f831
|i bf95f315-2f3d-30a5-9366-1e768ecdc8a9
|t 0
|
| 952 |
f |
f |
|p ric
|a Texas A&M University
|b Rellis Campus
|c Joint Library Facility
|d Remote Storage
|t 0
|e E312 .L78 1943
|h Library of Congress classification
|i unmediated -- volume
|m A14808265782
|
| 998 |
f |
f |
|a E312 .L78 1943
|t 0
|l Remote Storage
|